000 00605nam a2200181 i 4500
001 141233
003 ES-MaACL
005 20230906200242.0
007 t|
008 070920s1922 ag ||||1| spa d
100 1 _aVivekananda
_cSwami.
_9115561
245 1 0 _aFilosofía vedanta
_b: jnama yoga : siete conferencias /
_cpor el Swami Vivekananda ; traducidas del inglés M. López-Villamil y Ricardo Vivie.
260 _aBuenos Aires :
_bLa Facultad,
_c1922.
300 _a160 p. ;
_c19 cm.
700 1 _aLópez Villamil, M.
_974027
700 1 _aVivié, Ricardo.
_9115602
852 _aES-MaACL
_jC-2680
999 _c141233
_d141233